The 6th festival of Asian arts : (Record no. 137079)

MARC details
000 -LEADER
fixed length control field 00556nam a2200193 4500
010 ## - LIBRARY OF CONGRESS CONTROL NUMBER
LC control number A-094059
035 ## - SYSTEM CONTROL NUMBER
System control number A-094059
037 ## - SOURCE OF ACQUISITION
Source of stock number/acquisition Cen Lib / Ret
040 ## - CATALOGING SOURCE
Original cataloging agency DPL
Language of cataloging En
082 ## - DEWEY DECIMAL CLASSIFICATION NUMBER
Classification number 709.5
Item number SIX
245 ## - TITLE STATEMENT
Title The 6th festival of Asian arts :
Remainder of title October 15-31, 1981, Hong Kong /
260 ## - PUBLICATION, DISTRIBUTION, ETC. (IMPRINT)
Place of publication, distribution, etc Hong Kong
Name of publisher, distributor, etc Urban Council
Date of publication, distribution, etc 1981
270 ## - ADDRESS
Address Urban Council
City Hong Kong
300 ## - PHYSICAL DESCRIPTION
Extent 196p ;
Dimensions 27cm(Hb)
650 ## - SUBJECT ADDED ENTRY--TOPICAL TERM
Topical term or geographic name as entry element Arts -- Asia.
650 ## - SUBJECT ADDED ENTRY--TOPICAL TERM
Topical term or geographic name as entry element Art festivals -- Asia.
650 ## - SUBJECT ADDED ENTRY--TOPICAL TERM
Topical term or geographic name as entry element Art festivals.
942 ## - ADDED ENTRY ELEMENTS (KOHA)
Source of classification or shelving scheme Dewey Decimal Classification
Koha item type English Books
Classification part 709.5
Call number suffix SIX
Holdings
Withdrawn status Lost status Damaged status Not for loan Home library Current library Date acquired Source of acquisition Total Checkouts Full call number Barcode Date last seen Copy number Price effective from Koha item type
        Central Library Central Library 16/03/2016 Cen Lib/Ret   709.5 SIX A-094059 16/03/2016 1 16/03/2016 English Books

© Delhi Public Library
Hit Counter
free hit counter